[Event "?"]
[Site "?"]
[Date "????.??.??"]
[Round "?"]
[White "Kelchner, H."]
[Black "Eyer, K."]
[Result "1-0"]
[WhiteElo "2137"]
[BlackElo "2032"]
[PlyCount "71"]

1. d4 Nf6 2. Nf3 e6 3. Bf4 d5 4. e3 Be7 5. Bd3 O-O 6. h3 c5 7. c3 Nc6 8. Nbd2
a6 9. Ne5 Nd7 10. Nxc6 bxc6 11. Nf3 cxd4 12. exd4 c5 13. O-O a5 14. Qc2 h6 15.
Qe2 Qb6 16. b3 Ba6 17. Rfd1 a4 18. bxa4 Bxd3 19. Qxd3 Rxa4 20. Rdb1 Qa7 21. Rb2
cxd4 22. cxd4 Ba3 23. Rc2 Nb6 24. Rc7 Qa5 25. Ne5 Bb2 26. Nc6 Qa8 27. Rb1 Ra3
28. Qe2 Nc4 29. Qg4 Kh7 30. Rxb2 Nxb2 31. Bxh6 gxh6 32. Ne5 Kh8 33. Qh5 Ra7 34.
Qxh6+ Kg8 35. Ng4 Qd8 36. Rxa7 1-0

[Event "?"]
[Site "?"]
[Date "????.??.??"]
[Round "?"]
[White "Ehlert, J."]
[Black "Bold, K."]
[Result "0-1"]
[WhiteElo "2029"]
[BlackElo "2155"]
[PlyCount "56"]

1. e4 d5 2. exd5 Nf6 3. Nc3 Nxd5 4. Nxd5 Qxd5 5. Nf3 e5 6. d3 Nc6 7. Be3 Bg4 8.
Be2 O-O-O 9. O-O Be7 10. a3 f5 11. h3 Bh5 12. b4 f4 13. c4 Qd7 14. Bc1 Bxf3 15.
Bxf3 Qxd3 16. Qa4 Nd4 17. Bg4+ Kb8 18. Bb2 Qxc4 19. Bxd4 Rxd4 20. Rac1 Qd5 21.
Qc2 Bd6 22. Rfd1 e4 23. Rxd4 Qxd4 24. Bf5 e3 25. f3 e2+ 26. Kh2 Re8 27. Be4 Qf2
28. Qb2 Be5 0-1

[Event "?"]
[Site "?"]
[Date "????.??.??"]
[Round "?"]
[White "Betz, E."]
[Black "Kalmutzki, M."]
[Result "1/2-1/2"]
[WhiteElo "2035"]
[BlackElo "1990"]
[PlyCount "24"]

1. e4 c5 2. Nc3 e6 3. f4 d5 4. Bb5+ Nc6 5. exd5 exd5 6. Qe2+ Be7 7. Bxc6+ bxc6
8. Nf3 Nf6 9. O-O O-O 10. Ne5 Qc7 11. b3 Re8 12. Ba3 Be6 1/2-1/2

[Event "?"]
[Site "?"]
[Date "????.??.??"]
[Round "?"]
[White "Rudnik, H."]
[Black "Taksrud, V."]
[Result "0-1"]
[WhiteElo "2179"]
[BlackElo "2087"]
[PlyCount "88"]

1. c4 e5 2. Nc3 Nf6 3. g3 Bb4 4. Bg2 O-O 5. Nf3 Re8 6. O-O Nc6 7. d3 d6 8. Bg5
Bxc3 9. bxc3 h6 10. Bd2 e4 11. Nd4 Ne5 12. f4 Ned7 13. Nc2 exd3 14. exd3 Nc5
15. Bc1 Bf5 16. Ne1 Qd7 17. a3 Rad8 18. Ra2 d5 19. d4 dxc4 20. Nf3 Qa4 21. Ne5
Be4 22. Bxe4 Qxd1 23. Bh7+ Kxh7 24. Rxd1 Na4 25. Rc2 Ne4 26. Nxf7 Rd5 27. Bd2
Nxd2 28. Rdxd2 Re3 29. Re2 Rxc3 30. Rxc3 Nxc3 31. Rc2 Nb5 32. a4 Nxd4 33. Rxc4
Nc6 34. Kg2 Kg6 35. Ne5+ Nxe5 36. fxe5 c5 37. Rg4+ Kf7 38. e6+ Kf6 39. Re4 Ke7
40. Rg4 g5 41. Re4 Rd4 42. Re5 b6 43. a5 Rd6 44. a6 Rxe6 0-1

[Event "?"]
[Site "?"]
[Date "????.??.??"]
[Round "?"]
[White "Strand, K W."]
[Black "Harzer, P."]
[Result "1/2-1/2"]
[WhiteElo "2062"]
[BlackElo "2125"]
[PlyCount "41"]

1. e4 d5 2. exd5 Nf6 3. Nc3 Nxd5 4. Bc4 Nb6 5. Bb3 Nc6 6. Nf3 Bf5 7. d3 e6 8.
Bf4 Bd6 9. Bxd6 cxd6 10. h3 a6 11. Ne2 d5 12. c3 Rc8 13. O-O O-O 14. Ng3 Bg6
15. Qe2 h6 16. Rad1 Nd7 17. d4 Nf6 18. Bc2 Bxc2 19. Qxc2 Na5 20. Ne5 Nc4 21.
Qe2 1/2-1/2

[Event "?"]
[Site "?"]
[Date "????.??.??"]
[Round "?"]
[White "Koksch, G."]
[Black "Haug, K."]
[Result "1/2-1/2"]
[WhiteElo "2142"]
[BlackElo "1993"]
[PlyCount "101"]

1. d4 Nf6 2. Nc3 g6 3. e4 d6 4. Bg5 Bg7 5. e5 dxe5 6. dxe5 Qxd1+ 7. Rxd1 Ng8 8.
f4 c6 9. Nf3 Bg4 10. Be2 Nd7 11. O-O f6 12. exf6 Ngxf6 13. Bc4 O-O-O 14. h3 Nb6
15. Bb3 Rxd1 16. Nxd1 Bxf3 17. Rxf3 Nbd5 18. c4 Nc7 19. f5 gxf5 20. Rxf5 Ne6
21. Be3 b6 22. Bc2 Nd8 23. b3 e6 24. Rf3 Nd7 25. a4 h5 26. Nf2 c5 27. Kf1 Bh6
28. Bxh6 Rxh6 29. g4 hxg4 30. hxg4 Ne5 31. Re3 Nef7 32. Ne4 Rh8 33. g5 Rg8 34.
Rg3 Nc6 35. g6 Nh6 36. Rg5 Nd4 37. Bd1 Nhf5 38. Kf2 Rf8 39. Ke1 Ng7 40. Ng3
Ndf5 41. Nh5 Kd8 42. Bg4 Nxh5 43. Rxh5 Rg8 44. Bxf5 exf5 45. Rh6 Rg7 46. Rh7
Rxg6 47. Rxa7 Kc8 48. Kf2 f4 49. a5 Kb8 50. axb6 Rxb6 51. Rf7 1/2-1/2

[Event "?"]
[Site "?"]
[Date "????.??.??"]
[Round "?"]
[White "Kverndal, L."]
[Black "Duemmke, J."]
[Result "0-1"]
[WhiteElo "1956"]
[BlackElo "2099"]
[PlyCount "80"]

1. d4 Nf6 2. c4 g6 3. g3 Bg7 4. Bg2 d5 5. Nf3 dxc4 6. Nc3 O-O 7. O-O c5 8. d5
e6 9. d6 Nc6 10. Qa4 Nb4 11. a3 Bd7 12. Qd1 Nbd5 13. Nxd5 exd5 14. Ne5 Be6 15.
Bf4 Qb6 16. b4 cxb3 17. Rb1 c4 18. Be3 Qb5 19. Qd4 Ng4 20. f4 Nxe3 21. Qxe3 Qb6
22. Qxb6 axb6 23. Rfd1 f6 24. Nf3 Bf5 25. Nd4 Be4 26. Bxe4 dxe4 27. Ne6 Rfd8
28. Rd4 b5 29. Rd5 Rd7 30. Nc5 Rad8 31. Nxd7 Rxd7 32. Rxb5 f5 33. Rb4 b5 34.
Rd1 b2 35. Rxb5 c3 36. Rb8+ Kf7 37. Rc8 Rxd6 38. Rb1 Rd2 39. Rc7+ Ke6 40. Kf1
c2 0-1

[Event "?"]
[Site "?"]
[Date "????.??.??"]
[Round "?"]
[White "Feavyour, J."]
[Black "Scholze, R."]
[Result "1-0"]
[WhiteElo "2086"]
[BlackElo "2050"]
[PlyCount "35"]

1. d4 Nf6 2. c4 e6 3. Nc3 d5 4. Bg5 Nbd7 5. cxd5 exd5 6. e3 c6 7. Bd3 Bd6 8.
Nf3 O-O 9. O-O Qc7 10. Rc1 a6 11. Qc2 h6 12. Bh4 Re8 13. Rfe1 b5 14. Ne2 Bb7
15. a3 b4 16. axb4 Bxb4 17. Nc3 Ne4 18. Nxe4 1-0

[Event "?"]
[Site "?"]
[Date "????.??.??"]
[Round "?"]
[White "Thum, F."]
[Black "Macdonald-Ross, S."]
[Result "1/2-1/2"]
[WhiteElo "1929"]
[BlackElo "2065"]
[PlyCount "47"]

1. Nf3 c5 2. g3 g6 3. Bg2 Bg7 4. O-O Nc6 5. c4 e6 6. Qc2 Nge7 7. Nc3 O-O 8. a3
d5 9. d3 h6 10. e4 Nd4 11. Nxd4 cxd4 12. Ne2 dxe4 13. Bxe4 e5 14. f4 f5 15. Bg2
e4 16. b4 Rb8 17. Bb2 b6 18. Rad1 e3 19. Rc1 Bb7 20. Rce1 Qd7 21. Rc1 Rfc8 22.
Qb3 Kh7 23. Rc2 Rd8 24. Rfc1 1/2-1/2

[Event "?"]
[Site "?"]
[Date "????.??.??"]
[Round "?"]
[White "Rety, J."]
[Black "Gafke, M."]
[Result "1/2-1/2"]
[WhiteElo "2006"]
[BlackElo "1935"]
[PlyCount "90"]
[EventDate "2006.02.24"]

1. e4 e5 2. d4 exd4 3. Qxd4 Nc6 4. Qe3 d6 5. Nc3 Nf6 6. Bd2 g6 7. h4 Bg7 8.
O-O-O Ng4 9. Qe1 Be6 10. Bb5 Qd7 11. h5 a6 12. Ba4 Bd4 13. Nh3 O-O-O 14. f3 Nf6
15. Bg5 h6 16. Bxf6 Bxf6 17. Nd5 Bg7 18. hxg6 b5 19. Bb3 fxg6 20. Nhf4 Bf7 21.
a4 Nd4 22. Kb1 Nxb3 23. cxb3 Kb7 24. Qa5 g5 25. Rc1 Rc8 26. Nb4 Ra8 27. Nfd5
Bxd5 28. exd5 Bd4 29. Nc6 Bb6 30. Qd2 bxa4 31. bxa4 a5 32. Rce1 Qf5+ 33. Re4
Rhe8 34. Rhe1 g4 35. Ka2 Rxe4 36. fxe4 Qf6 37. Rh1 Qg6 38. Qf4 h5 39. Qf5 Qg7
40. Qxh5 Rf8 41. Rh4 Rf2 42. e5 dxe5 43. Rxg4 Qf6 44. Qe8 Rxb2+ 45. Kxb2 Qf2+
1/2-1/2

[Event "?"]
[Site "?"]
[Date "????.??.??"]
[Round "?"]
[White "Denda, Ronald"]
[Black "Wicklund-Hansen, R."]
[Result "1-0"]
[WhiteElo "2054"]
[BlackElo "1986"]
[PlyCount "43"]
[EventDate "2006.02.24"]

1. e4 e5 2. Nf3 Nc6 3. Bc4 Nf6 4. Ng5 d5 5. exd5 Nxd5 6. d4 h6 7. Qf3 hxg5 8.
Bxd5 Qf6 9. Bxc6+ bxc6 10. Qxf6 gxf6 11. dxe5 Ba6 12. exf6 g4 13. Be3 O-O-O 14.
Nd2 Bd6 15. O-O-O Be5 16. Bxa7 Bxf6 17. c4 Rd3 18. Be3 Rhd8 19. b3 c5 20. Ne4
Rxd1+ 21. Rxd1 Bd4 22. Nxc5 1-0

[Event "?"]
[Site "?"]
[Date "????.??.??"]
[Round "?"]
[White "Bue, G."]
[Black "Schwertel, J."]
[Result "0-1"]
[WhiteElo "1896"]
[BlackElo "2039"]
[PlyCount "104"]
[EventDate "2005.12.14"]

1. d4 d5 2. c4 c6 3. e3 Nf6 4. Nf3 Bf5 5. Bd3 Bg6 6. Nc3 e6 7. O-O Nbd7 8. b3
Be7 9. Bb2 Rc8 10. Rc1 O-O 11. Bxg6 hxg6 12. Qe2 Bd6 13. Rc2 Qe7 14. Rfc1 Rcd8
15. cxd5 exd5 16. g3 Rfe8 17. Nd2 Qe6 18. Qf3 g5 19. Re1 g4 20. Qd1 Bb4 21. a3
Bxc3 22. Bxc3 Qf5 23. Ba5 Rc8 24. Bc3 Re6 25. e4 dxe4 26. Nc4 Nd5 27. Ne3 Nxe3
28. fxe3 Nf6 29. Rf2 Qh5 30. Ref1 Nd5 31. Bd2 Rh6 32. Qe2 f6 33. Rf5 Qg6 34.
R5f2 Rh5 35. b4 a6 36. a4 b5 37. a5 f5 38. Rc1 Qe6 39. h4 g5 40. Rh2 gxh4 41.
gxh4 Kg7 42. Rf1 Rch8 43. Qf2 Kg6 44. Qg3 Qe7 45. Rc1 Rc8 46. Be1 Qc7 47. Qxc7
Rxc7 48. Rhc2 Nxe3 49. Rxc6+ Rxc6 50. Rxc6+ Kf7 51. Rxa6 f4 52. Rc6 g3 0-1

[Event "?"]
[Site "?"]
[Date "????.??.??"]
[Round "?"]
[White "Kunath, E."]
[Black "Wilson, P."]
[Result "1/2-1/2"]
[WhiteElo "1985"]
[BlackElo "2070"]
[PlyCount "26"]

1. d4 f5 2. Nf3 e6 3. Bg5 Be7 4. Bxe7 Qxe7 5. e3 d5 6. c3 Nf6 7. Nbd2 O-O 8.
Be2 b6 9. O-O Ba6 10. Bxa6 Nxa6 11. Qa4 Nb8 12. Ne5 Qe8 13. Qxe8 Rxe8 1/2-1/2

[Event "?"]
[Site "?"]
[Date "????.??.??"]
[Round "?"]
[White "Rotstein, E."]
[Black "Vasiukov, E."]
[Result "0-1"]
[WhiteElo "2410"]
[BlackElo "2493"]
[PlyCount "88"]
[EventDate "2006.02.24"]

1. f4 Nf6 2. Nf3 g6 3. d3 d5 4. e3 Bg7 5. Be2 O-O 6. O-O c5 7. Qe1 Nc6 8. Qh4
Bg4 9. Nc3 e6 10. Nd1 Rc8 11. Nf2 Bxf3 12. Bxf3 Nd7 13. Qg3 b5 14. e4 b4 15. h4
Nd4 16. Bd1 c4 17. c3 bxc3 18. bxc3 Nb5 19. d4 dxe4 20. h5 Nf6 21. hxg6 hxg6
22. Bc2 Nd5 23. Bb2 f5 24. a4 Nbxc3 25. Bxc3 e3 26. Ne4 fxe4 27. Bb2 Qf6 28.
Bxe4 e2 29. Rf2 Rb8 30. Bxd5 exd5 31. Bc3 Rb3 32. Re1 Qd6 33. Qe3 Bf6 34. Rexe2
Kg7 35. g3 Rf7 36. Qd2 Qd7 37. Kg2 Qg4 38. Rf3 Rb8 39. Rf1 Rh8 40. Qe1 Qh3+ 41.
Kf3 g5 42. Re5 gxf4 43. Rxd5 fxg3 44. Qxg3+ Bg5+ 0-1

[Event "?"]
[Site "?"]
[Date "????.??.??"]
[Round "?"]
[White "Shabanov, Y."]
[Black "Khanukov, B."]
[Result "0-1"]
[WhiteElo "2427"]
[BlackElo "2358"]
[PlyCount "98"]

1. e4 c5 2. Nf3 g6 3. c3 Bg7 4. Bc4 e6 5. O-O Ne7 6. d4 cxd4 7. Nxd4 O-O 8. Bg5
a6 9. a4 Nbc6 10. Nxc6 bxc6 11. Qd6 f6 12. Be3 Qe8 13. Nd2 Rf7 14. a5 Bf8 15.
Qd3 d5 16. Ba2 Bb7 17. Nb3 Nc8 18. Nc5 Nd6 19. Rfe1 Re7 20. Nxb7 Nxb7 21. c4
dxe4 22. Qxe4 Bg7 23. Bb6 f5 24. Qe2 c5 25. Bb3 Qf7 26. Ba4 Rc8 27. Rad1 Bd4
28. Qc2 e5 29. Re2 Qf6 30. h3 h5 31. Kh1 Nd6 32. f3 f4 33. b4 Nf5 34. b5 Ng3+
35. Kh2 e4 36. bxa6 Nxe2 37. Qxe2 e3 38. a7 Ra8 39. Bc2 Kg7 40. Be4 Raxa7 41.
Bxa7 Rxa7 42. Qa2 Kh6 43. Rb1 Bc3 44. Rb5 Qg5 45. Kh1 Qg3 46. Bd3 Qe1+ 47. Kh2
Rd7 48. Qe2 Rxd3 49. Qxd3 e2 0-1

[Event "?"]
[Site "?"]
[Date "????.??.??"]
[Round "?"]
[White "Arkhangelsky, B."]
[Black "Ljuboschiz, A."]
[Result "1-0"]
[WhiteElo "2384"]
[BlackElo "2220"]
[PlyCount "101"]

1. d4 Nf6 2. c4 g6 3. Nc3 Bg7 4. e4 d6 5. Be2 O-O 6. Nf3 e5 7. O-O Nc6 8. d5
Ne7 9. b4 c6 10. dxc6 bxc6 11. Bg5 h6 12. Bxf6 Bxf6 13. Qd2 Bg4 14. Qxh6 Qb6
15. Ng5 Bxg5 16. Qxg5 Bxe2 17. Nxe2 f6 18. Qd2 Rad8 19. a3 Kg7 20. Kh1 g5 21.
g3 d5 22. Qc2 d4 23. Nc1 Rh8 24. Nd3 Rh3 25. f4 Rdh8 26. fxe5 Rxh2+ 27. Qxh2
Rxh2+ 28. Kxh2 fxe5 29. Nxe5 Ng6 30. Nxg6 Kxg6 31. e5 d3 32. c5 Qd8 33. Rf6+
Kg7 34. Rd1 Qd4 35. Rf3 Qb2+ 36. Kh3 Qxe5 37. Rfxd3 Qe6+ 38. Kg2 Qe2+ 39. Kg1
Kg6 40. R1d2 Qe1+ 41. Kg2 Qe4+ 42. Kf2 a5 43. Rd6+ Kg7 44. R6d4 Qf5+ 45. Kg2
axb4 46. axb4 g4 47. Rf4 Qh5 48. Rd3 Kh7 49. Re4 Qf5 50. Re1 Kg6 51. Ree3 {
Rest nicht lesbar} 1-0

[Event "?"]
[Site "?"]
[Date "????.??.??"]
[Round "?"]
[White "Gutman, L."]
[Black "Westerinen, H M."]
[Result "1-0"]
[WhiteElo "2465"]
[BlackElo "2382"]
[PlyCount "106"]

1. Nf3 Nf6 2. g3 g6 3. Bg2 Bg7 4. O-O O-O 5. d4 d6 6. a4 a5 7. Nbd2 Nc6 8. Nc4
d5 9. Nce5 Nxe5 10. dxe5 Ne4 11. Be3 f6 12. c4 e6 13. exf6 Bxf6 14. Qb3 c6 15.
Rad1 Qe7 16. Nd2 Nxd2 17. Bxd2 dxc4 18. Qxc4 Bxb2 19. Be3 Re8 20. Rd3 Bf6 21.
Rb1 Qf7 22. Bh3 Rd8 23. Rdb3 Rd5 24. Bb6 e5 25. Kg2 Bxh3+ 26. Kxh3 Rd2 27. Qg4
h5 28. Qe4 Qe6+ 29. Kg2 Qd5 30. Qxd5+ Rxd5 31. e4 Rd7 32. Be3 Rb8 33. Rb6 Rc7
34. Bc5 Be7 35. Bxe7 Rxe7 36. Rxc6 bxc6 37. Rxb8+ Kf7 38. Ra8 Rd7 39. Rxa5 Rd4
40. Rxe5 Rxa4 41. Kf3 Ra3+ 42. Kf4 Ra2 43. f3 Rxh2 44. Rc5 Rf2 45. Rc3 Rg2 46.
Rxc6 Rg1 47. Rc7+ Ke6 48. g4 hxg4 49. fxg4 Kf6 50. e5+ Ke6 51. Rc6+ Kf7 52. Kg5
Re1 53. e6+ Ke7 1-0

[Event "?"]
[Site "?"]
[Date "????.??.??"]
[Round "?"]
[White "Sorri, K-J."]
[Black "Uhlmann, W."]
[Result "0-1"]
[WhiteElo "2286"]
[BlackElo "2420"]
[PlyCount "104"]
[EventDate "2006.02.24"]

1. d4 Nf6 2. Nf3 g6 3. g3 Bg7 4. Bg2 c5 5. O-O cxd4 6. Nxd4 O-O 7. b3 Nc6 8.
Bb2 d5 9. Nd2 Qb6 10. Nxc6 bxc6 11. c4 Bf5 12. cxd5 cxd5 13. Nf3 Rac8 14. Nd4
Bd7 15. Rc1 Ne4 16. Rxc8 Rxc8 17. Qa1 Qa5 18. Nf3 Bxb2 19. Qxb2 Qc3 20. Qxc3
Nxc3 21. e3 Nxa2 22. Ra1 Nb4 23. Bf1 Rc7 24. Ne5 Bf5 25. g4 Bc2 26. Nf3 e6 27.
g5 Bd3 28. Ne5 Bf5 29. Kg2 Kg7 30. Ra4 Nc2 31. Bb5 f6 32. gxf6+ Kxf6 33. Nc6
Rb7 34. Nxa7 Bd3 35. Bxd3 Ne1+ 36. Kg3 Nxd3 37. Nc8 Nc5 38. Rf4+ Ke5 39. Rf8
Rxb3 40. Ne7 Ne4+ 41. Kg2 Kd6 42. Ng8 Rb2 43. Rf3 e5 44. h4 d4 45. exd4 exd4
46. Nf6 Nc5 47. Kf1 h5 48. Ra3 d3 49. Ra1 Ke5 50. Nh7 Ne4 51. Ng5 Rxf2+ 52. Kg1
Re2 0-1

[Event "?"]
[Site "?"]
[Date "????.??.??"]
[Round "?"]
[White "Hecht, H."]
[Black "Kanko, I."]
[Result "1/2-1/2"]
[WhiteElo "2397"]
[BlackElo "2227"]
[PlyCount "33"]

1. d4 Nf6 2. c4 e6 3. Nc3 Bb4 4. e3 d5 5. Nf3 O-O 6. Bd3 c5 7. O-O cxd4 8. exd4
dxc4 9. Bxc4 b6 10. Bg5 Bb7 11. Qe2 Nbd7 12. Rac1 Rc8 13. Bd3 Be7 14. Bb1 Re8
15. Rfd1 Nd5 16. Ne4 Rxc1 17. Rxc1 1/2-1/2

[Event "?"]
[Site "?"]
[Date "????.??.??"]
[Round "?"]
[White "Hurme, H M."]
[Black "Klundt, K."]
[Result "1/2-1/2"]
[WhiteElo "2210"]
[BlackElo "2381"]
[PlyCount "44"]

1. d4 d5 2. c4 dxc4 3. e3 Nf6 4. Bxc4 e6 5. Nf3 c5 6. O-O Nc6 7. Qe2 cxd4 8.
Rd1 Be7 9. exd4 O-O 10. Nc3 Na5 11. Bd3 Bd7 12. Bf4 Rc8 13. Rac1 Bc6 14. Ne5
Bd5 15. h3 Nc6 16. Bb1 Re8 17. Bg5 g6 18. Qe3 Nh5 19. Bxe7 Qxe7 20. Nxd5 exd5
21. Nxc6 Rxc6 22. Rxc6 bxc6 1/2-1/2

[Event "?"]
[Site "?"]
[Date "????.??.??"]
[Round "?"]
[White "Raedeker, B."]
[Black "Murey, J."]
[Result "0-1"]
[WhiteElo "2238"]
[BlackElo "2472"]
[PlyCount "76"]

1. d4 g6 2. c4 Bg7 3. Nc3 c5 4. d5 Nf6 5. e4 d6 6. Bd3 O-O 7. Nge2 e6 8. O-O
Na6 9. h3 exd5 10. cxd5 Nc7 11. a4 Re8 12. Ng3 b6 13. Rb1 Ba6 14. Nb5 Bxb5 15.
axb5 Qd7 16. Qb3 a6 17. bxa6 b5 18. Qd1 Nxa6 19. Ra1 c4 20. Bb1 Nc5 21. Rxa8
Rxa8 22. Be3 Qc7 23. Bd4 Nb3 24. Bc3 Qc5 25. Bc2 Ra1 26. Qf3 Nd4 27. Bxd4 Rxf1+
28. Nxf1 Qxd4 29. Qa3 Nxe4 30. Bxe4 Qxe4 31. Qxd6 Bd4 32. Ne3 Qb1+ 33. Kh2 Kg7
34. Qe7 Bf6 35. Qc5 Qxb2 36. Ng4 Bd4 37. Qe7 h5 38. Ne3 Qxf2 0-1

[Event "?"]
[Site "?"]
[Date "????.??.??"]
[Round "?"]
[White "Schmidt, H."]
[Black "Rodkin, R."]
[Result "1/2-1/2"]
[WhiteElo "2221"]
[BlackElo "2233"]
[PlyCount "69"]

1. e4 c5 2. Nf3 d6 3. d4 cxd4 4. Nxd4 Nf6 5. Nc3 a6 6. Bc4 e6 7. a3 Be7 8. O-O
O-O 9. Ba2 Nc6 10. Be3 Bd7 11. f3 Qc7 12. Qe1 b5 13. Rc1 Rfc8 14. Nxc6 Bxc6 15.
Qf2 a5 16. Ne2 d5 17. exd5 Bxd5 18. Bxd5 Nxd5 19. Kh1 b4 20. axb4 axb4 21. c4
bxc3 22. Nxc3 Nxe3 23. Qxe3 Qb7 24. Rb1 Qb3 25. Qf4 Rc4 26. Qg3 h5 27. Qe5 h4
28. Ne4 Rd8 29. Qa5 Rc2 30. Qa7 Qb4 31. h3 f5 32. Nc3 Qf4 33. Qxe7 Rdd2 34.
Qe8+ Kh7 35. Qh5+ 1/2-1/2

[Event "?"]
[Site "?"]
[Date "????.??.??"]
[Round "?"]
[White "Kaminik, A."]
[Black "Gabriel, J."]
[Result "1-0"]
[WhiteElo "2239"]
[BlackElo "2200"]
[PlyCount "71"]
[EventDate "2006.02.24"]

1. d4 f5 2. g3 Nf6 3. Bg2 g6 4. Nh3 d6 5. d5 c6 6. c4 e5 7. dxe6 Bxe6 8. Qc2
Bg7 9. O-O O-O 10. Ng5 Bd7 11. Nc3 Qe7 12. Bd2 h6 13. Nf3 Na6 14. Nh4 Qf7 15.
e4 g5 16. Nxf5 Bxf5 17. exf5 Qxc4 18. Rae1 Rae8 19. b3 Nb4 20. Qb1 Qa6 21. Re6
Rxe6 22. fxe6 Re8 23. Qf5 d5 24. Re1 Qd3 25. Ne4 dxe4 26. Bxb4 Qd5 27. Bxe4 Qd4
28. Bc5 Qd2 29. Rf1 a5 30. Bf3 Qd8 31. Rd1 Qc8 32. Re1 Qc7 33. e7 Kh8 34. Re6
b6 35. Rxf6 bxc5 36. Be4 1-0

[Event "?"]
[Site "?"]
[Date "????.??.??"]
[Round "?"]
[White "Rahls, P."]
[Black "Wade, R."]
[Result "1-0"]
[WhiteElo "2334"]
[BlackElo "2171"]
[PlyCount "65"]
[EventDate "2006.02.24"]

1. e4 c5 2. c3 b6 3. d4 e6 4. Nf3 Bb7 5. Bd3 d6 6. O-O Be7 7. Re1 Nf6 8. Qe2
Nbd7 9. Nbd2 Qc7 10. Nf1 Rc8 11. Bf4 e5 12. Bg3 Nh5 13. dxe5 Nxg3 14. Nxg3 dxe5
15. Nf5 Bf6 16. Bb5 O-O 17. Rad1 Rcd8 18. Rd6 a6 19. Bxd7 Rxd7 20. Rxf6 gxf6
21. Qe3 Bxe4 22. Qxe4 Kh8 23. Ne3 b5 24. Nh4 Rg8 25. Nhf5 Qd8 26. c4 bxc4 27.
Qxc4 Qa5 28. Rf1 Qb5 29. Qh4 Rg6 30. b3 Qb4 31. Qh3 Qd2 32. Nh4 Rg5 33. Nf3 1-0

[Event "?"]
[Site "?"]
[Date "????.??.??"]
[Round "?"]
[White "Byway, P."]
[Black "Baumbach, F."]
[Result "1/2-1/2"]
[WhiteElo "2203"]
[BlackElo "2262"]
[PlyCount "55"]

1. d4 d5 2. Nf3 Nf6 3. Bf4 c5 4. c3 Qb6 5. Qb3 c4 6. Qxb6 axb6 7. Bxb8 Rxb8 8.
g3 Bf5 9. Nbd2 e6 10. Bg2 b5 11. a3 h6 12. O-O Bd6 13. Ne5 Bxe5 14. dxe5 Nd7
15. Nf3 Bg4 16. Nd4 Nxe5 17. h3 Bh5 18. g4 Bg6 19. f4 Nc6 20. Nxb5 Bc2 21. e4
dxe4 22. Bxe4 Bxe4 23. Nd6+ Ke7 24. Nxe4 Rhd8 25. Rad1 Rd5 26. Rxd5 exd5 27.
Ng3 g6 28. Rd1 1/2-1/2

[Event "?"]
[Site "?"]
[Date "????.??.??"]
[Round "?"]
[White "Erenska-Barlo, H."]
[Black "James, G-H."]
[Result "1-0"]
[WhiteElo "2291"]
[BlackElo "2201"]
[PlyCount "135"]
[EventDate "2006.02.24"]

1. e4 e5 2. Bc4 Nf6 3. d3 c6 4. Qe2 Be7 5. Nf3 d6 6. O-O O-O 7. h3 a5 8. a3
Nbd7 9. Nc3 Nc5 10. Be3 Ne6 11. d4 b5 12. Bd3 exd4 13. Nxd4 Nxd4 14. Bxd4 Bb7
15. Qf3 b4 16. Ne2 c5 17. Bxf6 Bxf6 18. Rab1 Re8 19. Ng3 d5 20. Rfd1 d4 21. Bc4
Qc7 22. Re1 Be5 23. Nf1 Re7 24. g3 Rae8 25. Nd2 g6 26. Qg2 Kh8 27. Bd5 Bg7 28.
Bxb7 Qxb7 29. Red1 a4 30. Qf1 Qd7 31. Kg2 f5 32. exf5 Qxf5 33. Qd3 Qd5+ 34. Qf3
Qxf3+ 35. Nxf3 Re2 36. axb4 Rxc2 37. Ne1 Rc4 38. bxc5 Rxc5 39. Nd3 Rc2 40. Rbc1
Rec8 41. Rxc2 Rxc2 42. Kf3 Kg8 43. Ke4 Kf7 44. Kd5 a3 45. bxa3 Ra2 46. Rb1 Rxa3
47. Rb7+ Kg8 48. Ke4 Ra2 49. h4 Re2+ 50. Kd5 Rd2 51. Rb3 Ra2 52. f4 Ra8 53. Ne5
Rd8+ 54. Ke4 Bf8 55. Rb5 Rd6 56. Rd5 Rxd5 57. Kxd5 Bb4 58. Nd3 Bc3 59. Ke6 Kg7
60. g4 Bd2 61. f5 gxf5 62. gxf5 Kf8 63. h5 Bh6 64. f6 Ke8 65. Ne5 Bf8 66. f7+
Kd8 67. Nc6+ Kc7 68. Nxd4 1-0

[Event "?"]
[Site "?"]
[Date "????.??.??"]
[Round "?"]
[White "Farrand, J."]
[Black "Brameyer, H."]
[Result "1/2-1/2"]
[WhiteElo "2166"]
[BlackElo "2242"]
[PlyCount "111"]

1. d4 d5 2. Nc3 Nf6 3. Bg5 c5 4. e3 e6 5. Nf3 Nc6 6. a3 Qa5 7. Bxf6 gxf6 8. Be2
f5 9. O-O Bg7 10. Bb5 O-O 11. Bxc6 bxc6 12. Ne5 Ba6 13. Re1 Qc7 14. f4 cxd4 15.
exd4 c5 16. dxc5 Qxc5+ 17. Kh1 Rad8 18. Ne2 Qf2 19. Qd4 Qxd4 20. Nxd4 Rd6 21.
Rad1 Rb8 22. b4 Bb5 23. Nxb5 Rxb5 24. c4 Rb8 25. c5 Ra6 26. Re3 Bxe5 27. fxe5
Kf8 28. Kg1 Ke7 29. Rh3 Rb5 30. Rdd3 Rc6 31. Rxh7 a5 32. Rd4 axb4 33. axb4 Ra6
34. h3 Ra2 35. Kh2 Rb8 36. Rg7 Rb2 37. Rg3 R8xb4 38. Rxb4 Rxb4 39. Ra3 Rc4 40.
Ra7+ Kf8 41. Rc7 d4 42. c6 Kg7 43. Kg3 d3 44. Rd7 Rxc6 45. Rxd3 Rc4 46. Kf3 Re4
47. Re3 Rb4 48. g3 Kg6 49. Rc3 Kg5 50. h4+ Kh5 51. Rc7 Kg6 52. Rc3 Rb1 53. Kf4
Rf1+ 54. Rf3 Re1 55. Re3 Rb1 56. Rc3 1/2-1/2

[Event "?"]
[Site "?"]
[Date "????.??.??"]
[Round "?"]
[White "Schmidt, G."]
[Black "Rosen, W."]
[Result "1/2-1/2"]
[WhiteElo "2238"]
[BlackElo "2268"]
[PlyCount "73"]

1. d4 Nf6 2. c4 e6 3. Nf3 b6 4. e3 Bb7 5. Bd3 c5 6. Nc3 Be7 7. O-O O-O 8. d5
exd5 9. cxd5 Nxd5 10. Nxd5 Bxd5 11. Bxh7+ Kxh7 12. Qxd5 Nc6 13. e4 Rc8 14. Rd1
Nb4 15. Qf5+ Kg8 16. Bg5 g6 17. Qg4 d6 18. Rd2 Kg7 19. h4 Bxg5 20. Nxg5 Nc6 21.
Nf3 Qf6 22. Rad1 Rcd8 23. Qg3 Rfe8 24. Rxd6 Qxb2 25. e5 Rxd6 26. exd6 Rd8 27.
h5 Qf6 28. Rd5 Qe6 29. Rd2 Nd4 30. Nxd4 Qe1+ 31. Kh2 Qxd2 32. Ne6+ fxe6 33.
Qxg6+ Kh8 34. Qf6+ Kh7 35. Qg6+ Kh8 36. Qf6+ Kh7 37. Qg6+ 1/2-1/2

[Event "?"]
[Site "?"]
[Date "????.??.??"]
[Round "?"]
[White "Nautsch, W."]
[Black "Lenk, W."]
[Result "1-0"]
[WhiteElo "2297"]
[BlackElo "2232"]
[PlyCount "85"]
[EventDate "2006.02.24"]

1. d4 g6 2. e4 d6 3. f4 Nf6 4. Bd3 Bg7 5. Nf3 O-O 6. O-O c5 7. e5 Ng4 8. h3 Nh6
9. dxc5 dxc5 10. Be3 Qc7 11. Nc3 Be6 12. Ng5 c4 13. Be4 Nf5 14. Bf2 Nc6 15. Nb5
Qc8 16. g4 Rd8 17. Qf3 Nfd4 18. Nxd4 Nxd4 19. Bxd4 Rxd4 20. Bxb7 Qc5 21. Qf2
Bd5 22. Bxa8 Bxa8 23. Rae1 Qd5 24. Qf3 Qd8 25. Qe3 h6 26. Nf3 Re4 27. Qd2 Qb6+
28. Kh2 Rxe1 29. Nxe1 g5 30. b3 gxf4 31. Qxf4 Qe6 32. Nf3 cxb3 33. axb3 Qc6 34.
Rf2 Qc3 35. Qc4 Bxe5+ 36. Nxe5 Qxe5+ 37. Qf4 Qd5 38. Kg3 Kg7 39. Qe3 Qh1 40.
Qxa7 Bd5 41. c4 Qg1+ 42. Kh4 Bf3 43. Qe3 1-0

[Event "?"]
[Site "?"]
[Date "????.??.??"]
[Round "?"]
[White "Petzold, H."]
[Black "Neese, H-J."]
[Result "0-1"]
[WhiteElo "2151"]
[BlackElo "2244"]
[PlyCount "68"]

1. e4 c5 2. Nc3 d6 3. f4 Nc6 4. Bb5 Bd7 5. Nf3 e6 6. O-O Nge7 7. d3 g6 8. Ne2
Bg7 9. c3 O-O 10. Qe1 a6 11. Bxc6 Bxc6 12. Be3 b6 13. Qh4 f6 14. Rad1 Qe8 15.
Qh3 Qf7 16. Ng3 Rad8 17. d4 Bb7 18. Bc1 Bc8 19. e5 Nf5 20. Ne4 h5 21. Nh4 dxe5
22. dxe5 Rxd1 23. Rxd1 fxe5 24. Ng5 Qe8 25. Nhf3 exf4 26. Re1 e5 27. Bxf4 Nd6
28. Qg3 exf4 29. Qf2 Qd8 30. Rd1 Qf6 31. Qd2 Nf7 32. Qd5 Bg4 33. Rf1 Qf5 34.
Qb3 b5 0-1

[Event "?"]
[Site "?"]
[Date "????.??.??"]
[Round "?"]
[White "Krueger, E."]
[Black "Kahn, M."]
[Result "1/2-1/2"]
[WhiteElo "2210"]
[BlackElo "2151"]
[PlyCount "73"]

1. d4 d5 2. c4 e6 3. Nc3 Bb4 4. e3 Nf6 5. a3 Be7 6. Nf3 O-O 7. Bd3 b6 8. O-O
Bb7 9. Qc2 Nbd7 10. b3 c5 11. Ne5 Rc8 12. Bb2 Re8 13. Rad1 cxd4 14. exd4 Nf8
15. Qe2 Ng6 16. f4 dxc4 17. Bxc4 Nd5 18. Nxd5 Bxd5 19. f5 Bxc4 20. bxc4 exf5
21. Rxf5 f6 22. Nxg6 Bxa3 23. Qc2 hxg6 24. Rb5 Bxb2 25. Rxb2 Qe7 26. Qd3 Qe3+
27. Qxe3 Rxe3 28. Rc2 Re4 29. c5 bxc5 30. dxc5 Re6 31. Rd7 Rec6 32. Rxa7 Rxc5
33. Rxc5 Rxc5 34. Kf2 g5 35. h3 Kh7 36. g4 Rc3 37. Kg2 1/2-1/2